Géographie de la France par lettre - H / I / J / K - Statistiques

Statistiques générales
  • Ce quiz a été pris 5 387 fois
    5 265 depuis la dernière actualisation
  • Le résultat moyen est 12 sur 20
Statistiques - réponses
Question 1-ère lettre Réponse % Correct
Avec la Vilaine, cette rivière donne son nom à un département I Ille
96%
Pays frontalier de la France I Italie
96%
Département Alpin avec pour chef-lieu Grenoble I Isère
92%
Chaîne de montagne située entre la France et la Suisse J Jura
92%
Région comprenant la capitale du pays I Île-de-France
91%
Département côtier et frontalier du Gard H Hérault
85%
Département bordé par le Léman H Haute-Savoie
71%
Une des plus grandes villes du Var avec plus de 50 000 habitants H Hyères
69%
Ville abritant le Centre spatial guyanais K Kourou
61%
Peuple autochtone de Nouvelle-Calédonie K Kanak
58%
Village des Alpes-Maritimes, accueillant la célèbre station de sports d'Hiver _____ 2000 I Isola
56%
Département le plus peuplé du Limousin H Haute-Vienne
55%
Station balnéaire des Pyrénées-Atlantiques, limitrophe de l'Espagne H Hendaye
53%
Sous-préfecture des Bouches-du-Rhône, sur l'étang de Berre I Istres
52%
Dans le Calvados, en face du Havre H Honfleur
45%
Sous-Préfecture du Puy-de-Dôme, au sud de Clermont-Ferrand I Issoire
40%
Division de la mer Celtique, que l'on retrouve notamment dans le Finistère I Mer d'{Iroise}
33%
Plus haut col routier des Alpes I Col de l'{Iseran}
31%
Sous-préfecture et deuxième ville du Bas-Rhin en termes de population H Haguenau
30%
Ville de l'Yonne avec une riche histoire médiévale J Joigny
11%
Aucun quiz correspondant
Distribution des résultats
% des personnes avec chaque résultat
Percentile par nombre de réponses
Votre historique - résultats
Vous n’avez pas pris ce quiz depuis la dernière actualisation